| 000 | 00845nam a2200229 a 4500 | ||
|---|---|---|---|
| 001 | 41018 | ||
| 003 | BD-RjUL | ||
| 005 | 20211209053320.0 | ||
| 008 | 160514s1999 ii ||||| |||| 00| 0 ben d | ||
| 020 | _a8185471657 | ||
| 035 | _a(BD-RjUL)41134 | ||
| 040 |
_aBD-RjUL _bben _cBD-RjUL |
||
| 041 | _aben | ||
| 082 |
_223 _a891.44109 _bBHR 1999 |
||
| 100 |
_aভট্টাচার্য, সুতপা _9126226 |
||
| 245 |
_aরূপ থেকে ভাবে / _cসুতপা ভট্টাচার্য, |
||
| 260 |
_aকলকাতা : _bপুস্তক বিপণি, _c২০০৫. |
||
| 300 |
_a১৪৯ পৃ. ; _c২১ সেমি. |
||
| 650 |
_aবাংলা কবিতা _vইতিহাস ও সমালোচনা _9117724 |
||
| 650 |
_aBengali poetry _vHistory and Criticism _9117725 |
||
| 942 |
_2ddc _cBK |
||
| 999 |
_c41018 _d41018 |
||